Normal view MARC view

Entry Topical Term

Number of records used in: 1

001 - CONTROL NUMBER

  • control field: 20990

003 - CONTROL NUMBER IDENTIFIER

  • control field: OSt

005 - DATE AND TIME OF LATEST TRANSACTION

  • control field: 20211105134536.0

008 - FIXED-LENGTH DATA ELEMENTS

  • fixed length control field: 211105|| aca||aabn | a|a d

040 ## - CATALOGING SOURCE

  • Original cataloging agency: OSt
  • Transcribing agency: OSt

150 ## - HEADING--TOPICAL TERM

  • Topical term or geographic name entry element: Extragalactic perspectives

670 ## - SOURCE DATA FOUND

  • Source citation: Work cat.: (OSt): International Astronomical Union Colloquium on Eruptive Solar Flares Johannesburg 1996 Jan. 22-26 20989, New extragalactic perspectives in the New South Africa, 1996

Powered by Koha